Library Banner

Mazhabi dastanein aur unki haqeeqat/ (Record no. 99688)

MARC details
000 -LEADER
fixed length control field 00431nam a22001457a 4500
005 - DATE AND TIME OF LATEST TRANSACTION
control field 20191123084933.0
008 - FIXED-LENGTH DATA ELEMENTS--GENERAL INFORMATION
fixed length control field 171030b xxu||||| |||| 00| 0 eng d
040 ## - CATALOGING SOURCE
Transcribing agency PK-LaUMT
082 ## - DEWEY DECIMAL CLASSIFICATION NUMBER
Classification number PKAC 297.0722
Item number HAB-M
100 ## - MAIN ENTRY--PERSONAL NAME
Personal name Habib ur Rehman Siddiqi
245 ## - TITLE STATEMENT
Title Mazhabi dastanein aur unki haqeeqat/
Statement of responsibility, etc Habib ur Rehman Siddiqi
260 ## - PUBLICATION, DISTRIBUTION, ETC. (IMPRINT)
Place of publication, distribution, etc کراچی:
Name of publisher, distributor, etc الرحمن پبلشنگ ٹرسٹ،
Date of publication, distribution, etc 1987
300 ## - PHYSICAL DESCRIPTION
Extent 452 ص
942 ## - ADDED ENTRY ELEMENTS (KOHA)
Koha item type Books
Holdings
Withdrawn status Lost status Damaged status Home library Current library Date acquired Full call number Barcode Date last seen Price effective from Koha item type
      UMT Main Campus UMT Main Campus 2017-10-30 PKAC 297.0722 HAB-M 115522 2017-10-30 2017-10-30 Books